| 000 | 00576nam a2200181Ia 4500 | ||
|---|---|---|---|
| 008 | 240925s9999 xx 000 0 und d | ||
| 020 | _a9789381269237 | ||
| 082 | _a004.6782 HWA | ||
| 100 | _aHwang, Kai ; Fox, Geoffrey C.; Dongarra, Jack J. | ||
| 245 | 0 | _aDistributed and Cloud Computing: From Parallel Processing to the Internet of Things | |
| 250 | _aNA | ||
| 260 |
_aNew Delhi: _bElsivier _c,2012. |
||
| 300 |
_a552p. _b0 _fOriginal |
||
| 500 | _aIncludes Index | ||
| 600 | _aComputer Science | ||
| 650 | _aComputer science, information & general works | ||
| 942 | _cBK | ||
| 999 |
_c13878 _d13878 |
||